01004nam a2200229Ia 4500003000900000008004100009020001800050040001600068080003400084111009500118245016900213260004200382300001600424490006500440650004100505650001700546700002900563700003000592942000700622999001500629952013000644IN-BaIIA211028s9999 xx 000 0 eng d a90-277-2545-4 cIIA Library a524.6(082.1) bTHE aNATO Advanced Study Institute Workshop on the GalaxycCambridge, UKd1986 Aug. 4-15915525 4aThe galaxybproceedings of NATO advanced study institute workshop on the galaxy, held in Cambridge, UK, 4-15 August 1986cedited by Gerry Gilmore and Bob Carswell  aDordrechtbD. Reidel Publishingc1987 axiii, 435p. aNATO ASI series. Series C : mathematical and physical scienc aAstronomy and astrophysics thesaurus aGalaxy93368 aCarswell, Bob ed.915526 aGilmore, Gerry ed.915527 cBK c9242d9242 00104070aBANbBANcGENd0000-00-00g1350.00l0o524.6(082.1)/ THEp10149r2021-11-05v1350.00w0000-00-00yBKGRs. 1350.00